000 00677nam a2200289Ia 4500
005 20260324144352.0
008 008 260324s9999 xx 000 0 eng d
020 _a9781003116332
037 _aEBOOK
040 _aCRL
040 _beng
040 _cCRL
041 _2eng
041 _aeng
084 _qCRL
100 _aJ. C. Walker
_91219062
245 0 _aLouts and Legends
245 0 _bMale youth culture in an inner-city school
260 _bTaylor and Francis
260 _c1988
365 _a
365 _b230
856 _uhttp://www.taylorfrancis.com/books/9781003116332
942 _cEBOOK
999 _c1825600
_d1825600